[Event "Komercni Banka op"]
[Site "Pardubice"]
[Date "1999.07.20"]
[Round "5"]
[White "Arkhangelsky, Boris"]
[Black "Kotan, Ladislav"]
[Result "1/2-1/2"]
[WhiteElo "2425"]
[BlackElo "2317"]

1.d4 d5 2.c4 e6 3.Nc3 Be7 4.Nf3 Nf6 5.Bf4 O-O 6.e3 a6 7.c5 Nh5 8.Bg3 Nd7
9.Bd3 g6 10.O-O Nxg3 11.hxg3 Bf6 12.e4 dxe4 13.Ne5 Be7 14.Bc4 b5 15.Bb3 Bb7
16.Qc2 Bd5 17.a4  1/2-1/2

[Event "Biel MTO"]
[Site "Biel"]
[Date "1999.07.24"]
[Round "5"]
[White "Kveinys, Aloyzas"]
[Black "Ciric, Dragan"]
[Result "1-0"]
[WhiteElo "2515"]
[BlackElo "2205"]

1.Nf3 d5 2.d4 e6 3.c4 Nf6 4.Nc3 Be7 5.Bf4 O-O 6.e3 b6 7.Qc2 c5 8.dxc5 bxc5
9.Be2 Bb7 10.O-O Nbd7 11.Rfd1 Qb6 12.Rd2 Rfd8 13.Rad1 dxc4 14.Bd6 Bf8 15.Bxf8 Nxf8
16.Ne5 Rxd2 17.Qxd2 Ne4 18.Nxe4 Bxe4 19.Nxc4 Qc7 20.Qd6 Rc8 21.f3 Bd5 22.e4 Bxc4
23.Bxc4 Qxd6 24.Rxd6 Rc7 25.b3 g6 26.Kf2 Nd7 27.Bb5 Nb6 28.a4 Kf8 29.a5 Nc8
30.Rd8+ Ke7 31.Re8+ Kf6 32.f4 Ne7 33.e5+ Kg7 34.Rb8 a6 35.Bxa6 Ra7 36.Bc4 Rxa5
37.Rb7 Kf8 38.g4 Nc6 39.Ke3 g5 40.Rc7 gxf4+ 41.Kxf4 Nd4 42.h4 Ra3 43.h5 Nxb3
44.Bxb3 Rxb3 45.Kg5 Rb4 46.Rc8+ Ke7 47.Rxc5 Kf8 48.Rc8+ Ke7 49.Rh8 Re4 50.Rxh7 Rxe5+
51.Kh6 Re1 52.g5 Ke8 53.Rh8+ Ke7 54.Kg7 Rg1 55.g6 fxg6 56.h6 e5 57.Ra8 Ke6
58.h7 Rh1 59.h8=Q Rxh8 60.Rxh8 Kf5 61.Rf8+ Kg4 62.Kf6 e4 63.Ke5 e3 64.Kd4 e2
65.Re8  1-0

[Event "Dutch Open"]
[Site "Dieren"]
[Date "1999.07.28"]
[Round "9"]
[White "Hort, Vlastimil"]
[Black "Meijers, Viesturs"]
[Result "1-0"]
[WhiteElo "2535"]
[BlackElo "2472"]

1.c4 e6 2.d4 d5 3.Nc3 Nf6 4.Nf3 Be7 5.Bf4 O-O 6.e3 b6 7.cxd5 exd5 8.Be2 Bb7
9.O-O a6 10.Qb3 Bd6 11.Ne5 Nbd7 12.Rfd1 Re8 13.Nd3 Bxf4 14.Nxf4 c6 15.Rac1 Rb8
16.Bf3 Qe7 17.h4 g6 18.g3 Kg7 19.Bg2 h6 20.Re1 Ne4 21.Nd3 a5 22.Bh3 Nef6
23.Qd1 Qd6 24.Qf3 Re7 25.Bg2 Ne4 26.Qd1 Nxc3 27.Rxc3 c5 28.dxc5 Nxc5 29.Nf4 d4
30.Bxb7 Rbxb7 31.Rc4 d3 32.Rd4 Qf6 33.Nd5 Qf5 34.Nxe7 Rxe7 35.Kg2 Qe5 36.Qf3 Ne4
37.Rxd3 Qxb2 38.Rd4 Nc5 39.Qe2 Qa3 40.Red1 Ne4 41.Qc2 Nc5 42.Rd6  1-0

[Event "Dutch Open"]
[Site "Dieren"]
[Date "1999.07.28"]
[Round "9"]
[White "Hoeksema, Hendrik Pieter"]
[Black "Van Rijn, Wouter"]
[Result "1-0"]
[WhiteElo "2404"]
[BlackElo "2282"]

1.d4 Nf6 2.c4 e6 3.Nc3 d5 4.Nf3 Be7 5.Bf4 O-O 6.e3 b6 7.cxd5 Nxd5 8.Nxd5 exd5
9.Bd3 c5 10.Ne5 cxd4 11.exd4 Bb4+ 12.Kf1 Qf6 13.Qf3 Be6 14.Qg3 Bf5 15.Bb5 Rc8
16.h3 a6 17.Ba4 b5 18.Bb3 Be6 19.a4 Qd8 20.axb5 Qb6 21.Qd3 Bd6 22.Be3 Qb7
23.Ke2 f6 24.Ng4 Bd7 25.Ba4 axb5 26.Bc2 f5 27.Rxa8 Qxa8 28.Ne5 Be6 29.Bb3 Qa5
30.g4 Rf8 31.gxf5 Bxf5 32.Bxd5+ Kh8 33.Qb3 Bxe5 34.dxe5 Nd7 35.f4 Rc8 36.Rc1 Rxc1
37.Bxc1 Nc5 38.Qa3 Qxa3 39.bxa3 Bxh3 40.Be3 Na4 41.Bd4 Bd7 42.Bf7  1-0

[Event "Dutch Open"]
[Site "Dieren"]
[Date "1999.07.28"]
[Round "9"]
[White "Kobrin, Michael"]
[Black "Meijere, Agnese"]
[Result "0-1"]
[WhiteElo "2355"]
[BlackElo "2150"]

1.d4 d5 2.c4 e6 3.Nc3 Nf6 4.Nf3 Be7 5.Bf4 a6 6.e3 O-O 7.cxd5 exd5 8.Bd3 b6
9.Ne5 Bb7 10.Qf3 Nbd7 11.Qh3 g6 12.Bh6 Re8 13.f4 Nf8 14.O-O Bd6 15.Bg5 Ne6
16.Bh4 Be7 17.f5 Nf8 18.Qf3 Kg7 19.g4 h6 20.Qh3 g5 21.Bg3 c5 22.Nxf7 Kxf7
23.Qxh6 c4 24.Bc2 Bd6 25.Bxd6 Qxd6 26.Qxg5 N8d7 27.Bd1 Rg8 28.Qf4 Qxf4 29.Rxf4 Rae8
30.h4 Nxg4 31.Rxg4 Rxg4+ 32.Bxg4 Rg8 33.Kf2 Rxg4 34.Rh1 Nf6 35.Ne2 Bc8 36.Ng3 Ne4+  0-1

[Event "BCF-ch 86th"]
[Site "Scarborough"]
[Date "1999.08.01"]
[Round "1"]
[White "Duncan, Christopher R"]
[Black "Scannell, Steven"]
[Result "1/2-1/2"]
[WhiteElo "2297"]
[BlackElo "2069"]

1.c4 e6 2.Nc3 d5 3.d4 Nf6 4.Nf3 Be7 5.Bf4 O-O 6.e3 c5 7.dxc5 Bxc5 8.a3 b6
9.Qc2 Bb7 10.Rd1 Nbd7 11.cxd5 exd5 12.Be2 Rc8 13.O-O Re8 14.Qb1 a6 15.Rd3 Bf8
16.b4 Ne4 17.Qb3 Nxc3 18.Rxc3 Qf6 19.Rfc1 Rxc3 20.Rxc3 Bd6 21.Bxd6 Qxd6 22.Qc2 Nf8
23.Bd3 g6 24.h4 Ne6 25.Be2 d4 26.Qd2 Rd8 27.Nxd4 Nxd4 28.Qxd4 Qxd4 29.exd4 Rxd4
30.Rc7 Bd5 31.Rd7 Re4 32.Bxa6 Be6 33.Rd6 Re1+ 34.Kh2 Ra1 35.Rxb6 Rxa3 36.Bb7 Kf8
37.Rd6 Ke7 38.Rd4 h5 39.Bc6 Rb3 40.f3 Rb2 41.Kg3 Kf6 42.b5 Ke5 43.Rd8 Bc4
44.Rb8 Kd6 45.Rb7 Re2 46.f4 Be6 47.Bf3 Re3 48.Kf2 Rb3 49.Bc6 Rb4 50.Kg3 Rb3+
51.Kf2 Rb4 52.Kg3 Rb3+ 53.Kh2 Rb4 54.g3 Rb2+ 55.Kg1 Rb3 56.Kf2 Rb2+ 57.Ke3 Rb3+
58.Kf2 Rb2+ 59.Kg1 Rb3 60.Kg2 Rb2+ 61.Kf1 Rb3 62.Be8 Rxg3 63.Bxf7 Bxf7 64.Rxf7 Ke6
65.Rf8 Rb3 66.f5+ gxf5 67.Rh8 Rxb5 68.Rxh5 Rb2 69.Rh8 Ke5  1/2-1/2

[Event "Financial Concept Open 6th"]
[Site "North Bay"]
[Date "1999.08.04"]
[Round "1"]
[White "Hebert, Jean"]
[Black "Olszewski, Piotr"]
[Result "1-0"]
[WhiteElo "2454"]
[BlackElo "2273"]

1.c4 e6 2.Nc3 d5 3.d4 Nf6 4.Nf3 Be7 5.Bf4 O-O 6.e3 c6 7.h3 Nbd7 8.Qc2 Re8
9.O-O-O b6 10.cxd5 cxd5 11.Kb1 Bb7 12.Bd3 a6 13.h4 b5 14.Ng5 Nf8 15.Be5 g6
16.h5 Nxh5 17.Nxh7 f5 18.Nxf8 Rxf8 19.g4 Nf6 20.gxf5 gxf5 21.Bxf5 exf5 22.Qxf5  1-0

[Event "Vlissingen HZ op"]
[Site "Vlissingen"]
[Date "1999.08.12"]
[Round "4"]
[White "Bagaturov, Giorgi"]
[Black "Vaganian, Rafael A"]
[Result "1-0"]
[WhiteElo "2532"]
[BlackElo "2617"]

1.d4 d5 2.c4 e6 3.Nf3 Nf6 4.Nc3 Be7 5.Bf4 O-O 6.e3 c5 7.dxc5 Bxc5 8.Qc2 Nc6
9.a3 Qa5 10.O-O-O Be7 11.g4 dxc4 12.Bxc4 e5 13.g5 exf4 14.gxf6 Bxf6 15.Rd5 Qc7
16.Rh5 g6 17.Rg1 Ne7 18.Ne4 Qb6 19.Rb5 Qc6 20.Ne5 Bxe5 21.Rxe5 Bf5 22.Rxe7 Rac8
23.Bd3 fxe3 24.Kb1 Bxe4 25.Rxe4 Qd6 26.Qe2 exf2 27.Rf1 Qxh2 28.Rxf2 Qd6 29.Re7 Rc7
30.Rxc7 Qxc7 31.Bc4 b6 32.Qe4 Qd7 33.Qe5 Re8 34.Qf6 Re7 35.Bb3 b5 36.Rf4 Qe8
37.Qa6 Rc7 38.Qf6 Rd7 39.Ka2 Re7 40.Rd4 Rd7 41.Rf4 Re7 42.Bd5 Qd7 43.Rd4 Re8
44.Bb3 Qe7 45.Qc6 Qe3 46.Rd7 Re7 47.Rd8+ Kg7 48.Qxb5 h5 49.Qb8 Qe5 50.Rg8+ Kf6
51.Qf8 Rb7 52.Rg7 Kg5 53.Rxf7 Rxb3 54.Kxb3 Qb5+ 55.Kc3 Qe5+ 56.Kc4 Qe2+ 57.Kc5 Qe3+
58.Kd5 Qb3+ 59.Ke4 Qc2+ 60.Ke3 Qc1+ 61.Kf2 Qd2+ 62.Kg1 Qe1+ 63.Kg2 Qe2+ 64.Rf2 Qg4+
65.Kh2 Qh4+ 66.Kg1  1-0

[Event "MK Cafe Cup-A"]
[Site "Koszalin"]
[Date "1999.08.13"]
[Round "10"]
[White "Epishin, Vladimir"]
[Black "Slobodjan, Roman"]
[Result "1-0"]
[WhiteElo "2657"]
[BlackElo "2550"]

1.d4 d5 2.c4 e6 3.Nc3 Be7 4.Nf3 Nf6 5.Bf4 O-O 6.e3 c5 7.dxc5 Bxc5 8.a3 Nc6
9.Rc1 Bd6 10.cxd5 exd5 11.Bxd6 Qxd6 12.Be2 Be6 13.O-O Rfd8 14.Nb5 Qe7 15.Nbd4 Rdc8
16.h3 a6 17.Qa4 Nxd4 18.Qxd4 Rc7 19.Rxc7 Qxc7 20.Bd3 Rc8 21.Rd1 h6 22.Nd2 Qc5
23.Qxc5 Rxc5 24.Nb1 Ne4 25.f3 Nd6 26.Kf2 Rc8 27.Nc3 Nc4 28.Bxc4 dxc4 29.Rd6 Kf8
30.e4 Ke7 31.Rb6 Rc7 32.f4 f6 33.Ke3 Rd7 34.f5 Rd3+ 35.Kf4 Bc8 36.a4 a5 37.Nd5+ Ke8
38.Rb5 Rd2 39.Ne3 Rd4 40.Rxa5 Bd7 41.Rd5 Rxd5 42.exd5 Bxa4 43.Ke4 Kd7 44.Kd4 Bb3
45.Nxc4 Bc2 46.Ne3 Bb1 47.g4 Kc7 48.b4 Kd6 49.b5 Kc7 50.Nc4 Bc2 51.b6+ Kd7
52.Na5 Kc8 53.Kc5 Be4 54.Kd6 Bg2 55.Ke6 h5 56.gxh5  1-0

[Event "Vlissingen HZ op"]
[Site "Vlissingen"]
[Date "1999.08.14"]
[Round "6"]
[White "Gurevich, Mikhail"]
[Black "Vaganian, Rafael A"]
[Result "1/2-1/2"]
[WhiteElo "2643"]
[BlackElo "2617"]

1.d4 e6 2.c4 d5 3.Nf3 Nf6 4.Nc3 Be7 5.Bf4 O-O 6.e3 c5 7.dxc5 Bxc5 8.a3 Nc6
9.Rc1 d4 10.exd4 Nxd4 11.Be2 e5 12.Nxe5 Re8 13.O-O Nxe2+ 14.Qxe2 Bd4 15.Qd2 Be6
16.Nf3 Bb6 17.Qxd8 Raxd8 18.Nb5 Ne4 19.Bc7 Rd3 20.Bxb6 axb6 21.Nc7 Rc8 22.Nxe6 fxe6
23.Rfe1 Nc5 24.Rc2 Nb3 25.h3 b5 26.Ne5 Rd4 27.Rc3 bxc4 28.Nxc4 Nd2 29.Nxd2 Rxc3
30.bxc3 Rxd2 31.Rxe6 b5 32.Re5 Rd1+ 33.Kh2 Rb1 34.Rc5 Rb3 35.Kg3 Rxa3 36.Kf4 Ra4+
37.Ke3 b4 38.c4 b3 39.Kd3 Ra2 40.Rb5 Rxf2 41.Rxb3 Rxg2 42.Kd4 Kf7 43.Re3 Rd2+
44.Ke5 Ke7 45.Ra3 Re2+ 46.Kd5 Rd2+ 47.Kc6 h5 48.c5 g5 49.Rb3 g4 50.Kb6 Rd8
51.Kb7 Rd7+ 52.Ka6 Rc7 53.Kb6 Rc8 54.Rd3 Kf6 55.hxg4 hxg4 56.Rd5 Rb8+ 57.Ka7 Rb1
58.c6 g3 59.Rd2 Rc1 60.Kb7 Kf5  1/2-1/2

[Event "Faro op"]
[Site "Algarve"]
[Date "1999.08.15"]
[Round "6"]
[White "Malo Quiros, Miguel Angel"]
[Black "Frois, Antonio"]
[Result "0-1"]
[WhiteElo "2217"]
[BlackElo "2397"]

1.d4 d5 2.c4 e6 3.Nf3 Nf6 4.Nc3 Be7 5.Bf4 O-O 6.e3 c5 7.dxc5 Nc6 8.Qc2 dxc4
9.Bxc4 Bxc5 10.a3 Be7 11.h4 a6 12.Ba2 Qa5 13.O-O-O e5 14.Bg5 Bg4 15.Bxf6 Bxf6
16.Ng5 g6 17.Rd5 Qc7 18.Nce4 Qe7 19.Rd6 Bg7 20.Nxh7 Rfc8 21.Qd2 Nd4+ 22.Kb1 Bf5
23.Ng5 Qxd6 24.exd4 Qxd4 25.Qe2 Bxe4+ 26.Nxe4 Rd8 27.Ka1 Qd3 28.Qg4 Rd4 29.f3 Qc2
30.Bb1 Qc8 31.Qg3 Qf5 32.h5 Rad8 33.hxg6 Qxg6 34.Ng5 e4 35.f4 Rd2  0-1

[Event "Rubinstein Mem 36th"]
[Site "Polanica Zdroj"]
[Date "1999.08.20"]
[Round "4"]
[White "Bunzmann, Dimitrij"]
[Black "Rustemov, Alexander"]
[Result "1/2-1/2"]
[WhiteElo "2596"]
[BlackElo "2573"]

1.d4 d5 2.c4 e6 3.Nc3 Be7 4.Nf3 Nf6 5.Bf4 O-O 6.e3 c5 7.dxc5 Bxc5 8.a3 Nc6
9.Rc1 a6 10.Be2 dxc4 11.Bxc4 Qxd1+ 12.Kxd1 Bd7  1/2-1/2

[Event "Porto San Giorgio op"]
[Site "Porto San Giorgio"]
[Date "1999.08.23"]
[Round "4"]
[White "Ptaschinski, Dirk"]
[Black "Schiappacass, Marcello"]
[Result "1-0"]
[WhiteElo "2182"]
[BlackElo "2011"]

1.d4 Nf6 2.c4 e6 3.Nf3 d5 4.Nc3 Be7 5.Bf4 c6 6.e3 Nbd7 7.h3 Qa5 8.c5 O-O
9.a3 Qd8 10.Bd3 b6 11.b4 a5 12.O-O Bb7 13.Qc2 Re8 14.Rfb1 Bf8 15.Ne5 g6 16.bxa5 Rxa5
17.cxb6 Nxe5 18.Bxe5 Nd7 19.Bc7 Qa8 20.a4 c5 21.Bb5 Bc6 22.b7  1-0

[Event "Abu Dhabi Masters op"]
[Site "Abu Dhabi"]
[Date "1999.08.29"]
[Round "8"]
[White "Bagirov, Rufat"]
[Black "Barsov, Alexei"]
[Result "1/2-1/2"]
[WhiteElo "2471"]
[BlackElo "2539"]

1.d4 Nf6 2.c4 e6 3.Nf3 d5 4.Nc3 Be7 5.Bf4 O-O 6.e3 c5 7.dxc5 Bxc5 8.Qc2 Nc6
9.a3 Qa5 10.O-O-O Be7 11.Kb1 Rd8 12.Nd2 dxc4 13.Bxc4 a6 14.Nb3 Qh5 15.Be2 Rxd1+
16.Rxd1 Qg6 17.Qxg6 hxg6 18.Bf3 e5 19.Bg3 Bf5+ 20.e4 Be6 21.Nd5 Bf8 22.Nd2 Ne8
23.Nc4 f6 24.Be2  1/2-1/2

[Event "Castellaneta op 3rd"]
[Site "Castellaneta"]
[Date "1999.08.30"]
[Round "4"]
[White "Ortega, Lexy"]
[Black "Ausmins, E."]
[Result "1-0"]
[WhiteElo "2499"]
[BlackElo "2261"]

1.d4 Nf6 2.Nf3 e6 3.c4 d5 4.Nc3 Be7 5.Bf4 O-O 6.e3 c5 7.dxc5 Bxc5 8.cxd5 exd5
9.Be2 Nc6 10.O-O Be6 11.Rc1 Rc8 12.Nb5 Be7 13.Nfd4 Qb6 14.a3 Bd7 15.b4 a6
16.Nxc6 bxc6 17.Nd6 Ra8 18.g4 Rfb8 19.g5 Ne8 20.Nxe8 Bxe8 21.Qd4 Qb7 22.Be5 Bf8
23.Bd3 a5 24.Qf4 Bd7 25.Bxh7+ Kxh7 26.Qxf7 Bc8 27.Qh5+ Kg8 28.g6 Bd6 29.Qh7+ Kf8
30.Qh8+ Ke7 31.Qxg7+ Ke8 32.Qg8+ Kd7 33.Qf7+ Be7 34.g7  1-0

[Event "Castellaneta op 3rd"]
[Site "Castellaneta"]
[Date "1999.08.31"]
[Round "5"]
[White "De Vita, Igor"]
[Black "Ferraro, Francesco"]
[Result "1-0"]
[WhiteElo "2154"]
[BlackElo "2045"]

1.d4 d5 2.c4 e6 3.Nc3 Nf6 4.Nf3 Be7 5.Bf4 c6 6.e3 Nbd7 7.h3 O-O 8.Bd3 dxc4
9.Bxc4 b5 10.Bd3 b4 11.Ne4 Qb6 12.Ne5 Ba6 13.Nxf6+ Nxf6 14.Bg5 Rfd8 15.Bxa6 Qxa6
16.Qe2 Qb6 17.Qf3 Rac8 18.O-O c5 19.Rfc1 Rd5 20.b3 Qa6 21.Bxf6 Bxf6 22.Ng4 Bg5
23.dxc5 Rdxc5 24.Rxc5 Rxc5 25.Ne5 Rd5 26.Qxf7+  1-0

[Event "SoLett op"]
[Site "Skelleftea"]
[Date "1999.09.02"]
[Round "5"]
[White "Matevzic, Christian"]
[Black "Lucena, Lincoln"]
[Result "0-1"]
[WhiteElo "2365"]
[BlackElo "2249"]

1.d4 Nf6 2.c4 e6 3.Nf3 d5 4.Nc3 Be7 5.Bf4 O-O 6.e3 c5 7.dxc5 Bxc5 8.Be2 Nc6
9.cxd5 Nxd5 10.Nxd5 exd5 11.O-O h6 12.Qc2 Bb6 13.Ne5 Qf6 14.Nxc6 bxc6 15.Rac1 c5
16.Rfd1 Rd8 17.Bf3 Be6 18.Qc3 d4 19.Qa3 Bd5 20.Bxd5 Rxd5 21.e4 Rd7 22.Bg3 Qe6
23.Qa4 d3 24.Qc4 Rd4 25.Qxe6 fxe6 26.f3 Rb4 27.Rd2 c4+ 28.Bf2 Rb8 29.Rf1 Bxf2+
30.Rfxf2 Rxb2 31.Rxb2 Rxb2 32.Rxb2 c3  0-1

[Event "Zurich clock sim"]
[Site "Zurich"]
[Date "1999.09.03"]
[Round "?"]
[White "Pelletier, Yannick"]
[Black "Kramnik, Vladimir"]
[Result "1/2-1/2"]
[WhiteElo "2479"]
[BlackElo "2760"]

1.d4 Nf6 2.c4 e6 3.Nf3 d5 4.Nc3 Be7 5.Bf4 O-O 6.e3 Nbd7 7.Qc2 c5 8.dxc5 Nxc5
9.O-O-O Qa5 10.Kb1 Bd7 11.Ne5 Ba4 12.Nxa4 Nxa4 13.cxd5 Nxd5 14.Nc4 Qb4 15.Be5 b5
16.a3 Nac3+ 17.Ka1 Qc5 18.Bxc3 Nxc3 19.Qxc3 bxc4 20.Qxc4 Qf5 21.Bd3 Qxf2
22.Qe4 Qh4 23.Qxh4 Bxh4 24.Bc4 Rfd8 25.Kb1 Kf8 26.Kc2 Ke7 27.Rxd8 Rxd8 28.Rd1 Rc8
29.b3 Bf6 30.Rd3 h5 31.Kd2 Rc5 32.Ke2 Be5 33.h3 Bd6 34.a4 Re5 35.Kf1 Rf5+
36.Ke2 h4 37.Rd4 Bg3 38.Rd2 a5 39.Bb5 Kf6 40.Rc2 g5 41.Bd3 Rf2+ 42.Kd1 Rxc2
43.Bxc2 Bd6 44.Bd3 Ke5 45.Bb5 f5 46.Ke2 g4 47.Bd7  1/2-1/2

[Event "EU-ch U16"]
[Site "Litohoto"]
[Date "1999.09.04"]
[Round "2"]
[White "Botvinnik, Mikhail2"]
[Black "Saric, Ante"]
[Result "1-0"]
[WhiteElo "2246"]
[BlackElo "2175"]

1.d4 Nf6 2.c4 e6 3.Nf3 d5 4.Nc3 Be7 5.Bf4 O-O 6.e3 c6 7.h3 Nbd7 8.Bd3 dxc4
9.Bxc4 b5 10.Bd3 a6 11.e4 Bb7 12.e5 Nd5 13.Nxd5 cxd5 14.Qb1 g6 15.h4 f5 16.Qc1 h5
17.Ng5 Qa5+ 18.Ke2 Rac8 19.Qd2 Qb6 20.Qe3 Bxg5 21.Bxg5 Kf7 22.f3 b4 23.Bh6 Rg8
24.g4 Bc6 25.Rac1 Bb5 26.gxh5 Bxd3+ 27.Kxd3 Qb5+ 28.Kd2 Nb6 29.Qg5 Qd7 30.Qf6+ Ke8
31.hxg6 Rc4 32.Kd3 Na4 33.Rc2 Nb6 34.b3 Rc3+ 35.Rxc3 bxc3 36.Rc1 Qe7 37.Qxe7+ Kxe7
38.h5 Rh8 39.Bg5+ Kf8 40.h6 Rg8  1-0

[Event "EU-ch U14"]
[Site "Litohoto"]
[Date "1999.09.09"]
[Round "7"]
[White "Maiorov, Nikita"]
[Black "Barglowski, Filip"]
[Result "1-0"]
[WhiteElo "2148"]
[BlackElo "2143"]

1.d4 d5 2.c4 e6 3.Nc3 Be7 4.Nf3 Nf6 5.Bf4 O-O 6.e3 c5 7.dxc5 Bxc5 8.a3 Nc6
9.Qc2 Qa5 10.O-O-O dxc4 11.Bxc4 Be7 12.Nd2 a6 13.Nb3 Qb6 14.Kb1 e5 15.Bg5 Be6
16.Bxe6 fxe6 17.Na4 Qc7 18.Nac5 Nd8 19.Bxf6 Bxf6 20.Rd7 Qc6 21.Qe4 Qb5 22.Rhd1 Rc8
23.a4 Qb6 24.R1d6 Rc6 25.Rxc6 bxc6 26.Qc4 a5 27.Qc3 Rf7 28.Qxa5 Qxa5 29.Nxa5 Rxd7
30.Nxd7 Kf7 31.Nb8 c5 32.Nd7 Be7 33.Nxe5+  1-0

[Event "CRO-chT"]
[Site "Pula"]
[Date "1999.09.18"]
[Round "9"]
[White "Muse, Drazen"]
[Black "Ascic, Pero"]
[Result "1-0"]
[WhiteElo "2372"]
[BlackElo "2344"]

1.Nf3 Nf6 2.c4 e6 3.Nc3 d5 4.d4 Be7 5.Bf4 O-O 6.e3 c6 7.Qc2 Nbd7 8.Rd1 Re8
9.a3 Nf8 10.Be2 Ng6 11.Bg3 a6 12.O-O b5 13.c5 Nh5 14.e4 Nhf4 15.Ne5 Nxe5
16.Bxf4 Ng6 17.Be3 dxe4 18.Qxe4 Qc7 19.g3 Rf8 20.Qg2 f5 21.Na2 Bf6 22.Nb4 Bb7
23.Bf3 Rac8 24.h4 f4 25.Bc1 a5 26.Nc2 e5 27.h5 Ne7 28.dxe5 Bxe5 29.Nd4 Bxd4
30.Rxd4 fxg3 31.h6 Nf5 32.Rg4 Rce8 33.Be4 g6 34.fxg3 Qe5 35.b4 axb4 36.Qa2+ Re6
37.axb4 Nd4 38.Rxf8+ Kxf8 39.Bf4 Qh5 40.Bd6+ Ke8 41.Qa7 Rxd6 42.Qb8+ Rd8
43.Bxg6+ hxg6 44.Re4+ Ne6 45.Rxe6+ Kf7 46.Qxd8 Kxe6 47.Qd6+ Kf5 48.Qd7+ Kg5
49.h7 Qe2 50.Qd8+ Kf5 51.Qf8+  1-0

[Event "Alushta2"]
[Site "Alushta"]
[Date "1999.09.27"]
[Round "10"]
[White "Alexandrova, Olga"]
[Black "Novopashin, Arkady"]
[Result "0-1"]
[WhiteElo "2300"]
[BlackElo "2385"]

1.d4 d5 2.c4 e6 3.Nc3 Nf6 4.Nf3 Be7 5.Bf4 O-O 6.e3 c5 7.dxc5 Bxc5 8.cxd5 Nxd5
9.Nxd5 exd5 10.Be2 Bb4+ 11.Nd2 Qf6 12.a3 Ba5 13.b4 Bb6 14.O-O Nc6 15.Nf3 Be6
16.Rc1 h6 17.Bb5 Rac8 18.Bxc6 Rxc6 19.Qd2 Rfc8 20.Be5 Qg6 21.Rxc6 Rxc6 22.Rc1 Rc4
23.Bg3 Qe4 24.Qb2 d4 25.exd4 Bxd4 26.Nxd4 Rxd4 27.h3 Rd3 28.Qc2 Bf5 29.Qb2 Be6
30.Qc2 Qd5 31.a4 Rd4 32.Qc3 Bd7 33.a5 Bc6 34.f3 Rd2 35.Be5 Qa2 36.b5 Rxg2+
37.Kh1 Rg5 38.Rg1 Qf2 39.Rxg5 Bxf3+ 40.Qxf3 Qxf3+ 41.Rg2 Qxh3+ 42.Bh2 Qf3
43.b6 a6  0-1

[Event "Bundesliga 9900"]
[Site "Germany"]
[Date "1999.10.10"]
[Round "2"]
[White "Epishin, Vladimir"]
[Black "Beliavsky, Alexander G"]
[Result "1/2-1/2"]
[WhiteElo "2657"]
[BlackElo "2618"]

1.d4 Nf6 2.c4 e6 3.Nf3 d5 4.Nc3 Be7 5.Bf4 O-O 6.e3 c5 7.dxc5 Bxc5 8.a3 Nc6
9.Rc1 d4 10.exd4 Nxd4 11.Be2 Qe7 12.b4 Rd8 13.Bd2 Bb6 14.Nxd4 Bxd4 15.Qc2 b6
16.O-O Bb7 17.Rcd1 Bc6 18.Bg5 h6 19.Bh4 Rac8 20.Rfe1 a5 21.Qb3 axb4 22.axb4 Be5
23.Bg3 Bd4 24.Bf1 Bxc3 25.Qxc3 Ne4 26.Qb2 Nxg3 27.hxg3 h5 28.Qc3 b5 29.Rxd8+ Qxd8
30.c5 h4 31.gxh4 Qxh4 32.Rd1 Ra8 33.Rd6 Bd5 34.c6 Rc8 35.Qc5 Kh7 36.Bxb5 Qe4
37.Bf1 Ra8 38.Qe3 Qxb4 39.Rd7 Bxc6 40.Rxf7 Qg4 41.Rf4 Qh5 42.Qg3 Ra4 43.Rxa4 Bxa4
44.Qd6 Qd5 45.Bd3+ Kg8 46.Qb8+ Kf7 47.Qf4+ Ke7 48.Bg6 Qd1+ 49.Kh2 Qd6  1/2-1/2

[Event "Seeburg op 1st"]
[Site "Lucern"]
[Date "1999.10.10"]
[Round "4"]
[White "Farago, Ivan"]
[Black "Froehlich, Peter"]
[Result "0-1"]
[WhiteElo "2512"]
[BlackElo "2314"]

1.d4 Nf6 2.c4 e6 3.Nf3 d5 4.Nc3 Be7 5.Bf4 O-O 6.e3 c5 7.dxc5 Bxc5 8.Qc2 Qa5
9.a3 Nc6 10.O-O-O a6 11.Nd2 Be7 12.Nb3 Qb6 13.Be2 dxc4 14.Bxc4 Qa7 15.Ne4 e5
16.Bg3 Bg4 17.Nxf6+ Bxf6 18.Be2 Be6 19.Bc4 Rac8 20.Bxe6 fxe6 21.Kb1 Na5 22.Qd3 Rfd8
23.Nxa5 Rxd3 24.Rxd3 e4 25.Rdd1 Qb6 26.b4 Qb5 27.Rhe1 b6 28.Nb3 Qc4 29.Nd4 Bxd4
30.Rxd4 Qb3+  0-1

[Event "Asia-chT"]
[Site "Shenyang"]
[Date "1999.10.12"]
[Round "4"]
[White "Yin Hao"]
[Black "Chuah Jin Hai, J."]
[Result "1-0"]
[WhiteElo "2401"]
[BlackElo "2337"]

1.d4 d5 2.Nf3 Nf6 3.c4 e6 4.Nc3 Be7 5.Bf4 O-O 6.e3 c5 7.Rc1 b6 8.dxc5 Bxc5
9.cxd5 Nxd5 10.Nxd5 exd5 11.a3 Bb7 12.Bb5 Qe7 13.O-O Nd7 14.Nd4 a6 15.Nf5 Qe6
16.Bxd7 Qxd7 17.Qg4  1-0

[Event "Wichern op 5th"]
[Site "Hamburg"]
[Date "1999.10.15"]
[Round "1"]
[White "Froehlich, Peter"]
[Black "Tell, Michael"]
[Result "1/2-1/2"]
[WhiteElo "2314"]
[BlackElo "1915"]

1.Nf3 Nf6 2.c4 e6 3.Nc3 d5 4.d4 Be7 5.Bf4 c6 6.e3 O-O 7.Qc2 Nbd7 8.Bd3 Re8
9.O-O Nf8 10.h3 Ng6 11.Bg3 Bd6 12.Ne5 Qc7 13.f4 Nd7 14.c5 Be7 15.f5 exf5
16.Bxf5 Ndxe5 17.Bxg6 hxg6 18.Bxe5 Qd8 19.Qf2 Bf6 20.Bxf6 Qxf6 21.Qg3 Qe7
22.Rf3 Bf5 23.Raf1 Qd7 24.Qf2 Re7 25.Qd2 f6 26.Nd1 Rae8 27.Nf2 Kf7 28.b4 Re6
29.Nd1 Qc7 30.Rf4 Ra8 31.Nc3 Rae8 32.R4f3 Be4 33.Rf4 Bf5 34.Nd1 Ra8 35.Qe2 b5
36.cxb6 Qxb6 37.a3 a5 38.bxa5 Qxa5 39.g4 Be4 40.Nf2 g5 41.Rf5 Bxf5 42.gxf5 Re7
43.Qh5+ Kg8 44.Ng4 Qd8 45.Qg6 Kf8 46.Qh5  1/2-1/2

[Event "Aars get2net Cup IM"]
[Site "Aars"]
[Date "1999.10.16"]
[Round "1"]
[White "Nilssen, John Arni"]
[Black "Christensen, Bent"]
[Result "0-1"]
[WhiteElo "2326"]
[BlackElo "2113"]

1.d4 d5 2.c4 e6 3.Nf3 Nf6 4.Nc3 Be7 5.Bf4 O-O 6.e3 c5 7.dxc5 Bxc5 8.a3 Nc6
9.cxd5 exd5 10.Be2 Be6 11.O-O Qe7 12.Rc1 Rfd8 13.Nd4 Nxd4 14.exd4 Bd6 15.Bxd6 Qxd6
16.Qb3 Qe7 17.Bf3 Rd7 18.Rfe1 Rad8 19.Qa4 a6 20.Qa5 Qd6 21.Na4 h6 22.Re3 Bg4
23.Rce1 Bxf3 24.Rxf3 Re7 25.Rxe7 Qxe7 26.Re3 Qd6 27.Qc5 Qf4 28.g3 Qf5 29.Nc3 Ng4
30.Qe7 Qxf2+  0-1

[Event "Wichern op 5th"]
[Site "Hamburg"]
[Date "1999.10.20"]
[Round "7"]
[White "Yakovich, Yuri"]
[Black "Levin, Felix"]
[Result "1/2-1/2"]
[WhiteElo "2592"]
[BlackElo "2531"]

1.d4 d5 2.Nf3 Nf6 3.c4 e6 4.Nc3 Be7 5.Bf4 O-O 6.e3 c5 7.dxc5 Bxc5 8.a3 Nc6
9.Rc1 dxc4 10.Bxc4 Qxd1+ 11.Rxd1 Be7 12.O-O a6 13.e4 b5 14.Be2 b4 15.axb4 Nxb4
16.Nd4 Bb7 17.f3 Rfd8 18.Nb3 Rac8 19.Be3 Rxd1 20.Rxd1 Bc6 21.Bc5 Kf8 22.Ra1 Rb8
23.Bxe7+ Kxe7 24.Nc5 Bb7 25.Ra4 Bc8 26.Na2 Nxa2 27.Rxa2 Nd7 28.Nxa6 Bxa6
29.Bxa6 Nc5 30.Be2 Nb3 31.Bc4 Nd2 32.Bd3 Nb3 33.Ra7+ Kf8 34.Rc7 Nd4 35.Rc4 e5
36.b4 Ra8 37.Rc1 Ra3 38.Bc4 Ra4 39.b5 Rb4 40.Bf1 Rb2 41.Rc8+ Ke7 42.Rc7+ Kf6
43.Bc4 Ne6 44.Rc6 Kg5 45.Bxe6 fxe6 46.g3 Rxb5 47.Rxe6 Rb1+ 48.Kg2 Rb2+ 49.Kh3 Rb5
50.Kg2 Rb2+ 51.Kh3 Rb5 52.g4 Kf4 53.Re7 g5 54.Rf7+ Ke3 55.Kg3 Rb1 56.h4 Rg1+
57.Kh2 Kf2 58.hxg5 Rg2+ 59.Kh3 Rg1 60.Kh2 Rg2+  1/2-1/2

[Event "VAM Hoogeveen op"]
[Site "Hoogeveen"]
[Date "1999.10.23"]
[Round "9"]
[White "Cifuentes Parada, Roberto"]
[Black "Barsov, Alexei"]
[Result "1/2-1/2"]
[WhiteElo "2506"]
[BlackElo "2539"]

1.Nf3 d5 2.d4 Nf6 3.c4 e6 4.Nc3 Be7 5.Bf4 O-O 6.e3 c5 7.dxc5 Bxc5 8.a3 Nc6
9.b4 Be7 10.cxd5 exd5 11.Be2 Be6 12.Nd4 Rc8 13.O-O a5 14.bxa5 Nxd4 15.Qxd4 Qxa5
16.Nb5 Ne4 17.Qb2 Nd2 18.Rfd1 Nc4 19.Qb3 Bf6 20.Nd4 b5 21.a4 Bxd4 22.exd4 bxa4
23.Rxa4 Qd8 24.Ra2 Ra8 25.Rxa8 Qxa8 26.h4 h6 27.Qg3 Kh8 28.Bf3 Qa7 29.Be5 Nxe5
30.Qxe5 Qb8 31.Qe3 Re8 32.Qd2 Qd6 33.Rc1 Rc8 34.Rxc8+ Bxc8 35.Qa5 Be6 36.g3 g5
37.hxg5 hxg5 38.Qd2 Qd8 39.Qe3 Kg7  1/2-1/2

[Event "Arco op"]
[Site "Arco"]
[Date "1999.10.28"]
[Round "6"]
[White "Epishin, Vladimir"]
[Black "Arlandi, Ennio"]
[Result "1/2-1/2"]
[WhiteElo "2657"]
[BlackElo "2465"]

1.d4 Nf6 2.c4 e6 3.Nf3 d5 4.Nc3 Be7 5.Bf4 O-O 6.e3 c5 7.dxc5 Bxc5 8.a3 Nc6
9.b4 Be7 10.cxd5 Nxd5 11.Nxd5 exd5 12.Bd3 Bf6 13.Rc1 a6 14.O-O Re8 15.Rc5 g6
16.h3 Be6 17.Qb1 Qe7 18.Rfc1 Rec8 19.a4 Qf8 20.b5 axb5 21.Bxb5 Na5 22.Rxc8 Rxc8
23.Rxc8 Qxc8 24.Qb4 Nc4 25.Nd4 Bd7 26.Bh6 Bg7 27.Bxg7 Kxg7 28.a5 Bxb5 29.Qxb5 Qc7
30.Nb3 Qe5 31.Qxb7 Nxa5 32.Nxa5 Qa1+ 33.Kh2 Qxa5 34.Qb2+ Kh6 35.Qf6 Qc7+
36.f4 Qd7 37.g4 Qb5 38.Kg3 Qf1 39.Qg5+ Kg7 40.Qe5+ Kg8 41.Qe8+ Kg7 42.Qe5+ Kg8
43.Qe8+ Kg7 44.Qe5+  1/2-1/2

[Event "Wch U16"]
[Site "Oropesa del Mar"]
[Date "1999.11.05"]
[Round "11"]
[White "Jankovic, Alojzije"]
[Black "Pecnik, Leo"]
[Result "1/2-1/2"]
[WhiteElo "2313"]
[BlackElo "2184"]

1.d4 Nf6 2.Nf3 e6 3.c4 d5 4.Nc3 Be7 5.Bf4 O-O 6.e3 c6 7.Qc2 a6 8.c5 b6 9.b4 a5
10.Na4 Nfd7 11.b5 bxc5 12.dxc5 cxb5 13.Bxb5 Nxc5 14.Nxc5 Qb6 15.Nd3 Qxb5
16.Qd2 Ba6 17.Rd1 f6 18.Bxb8 Raxb8 19.Nd4 Qxd3 20.Qxd3 Bxd3 21.Rxd3 Rb1+
22.Rd1 Bb4+ 23.Ke2 Rb2+ 24.Kf3 Re8 25.Nc6 Rxa2 26.Ra1 Rxa1 27.Rxa1 Rc8 28.Nxa5 Ra8
29.Nb3 Rxa1 30.Nxa1 Kf7 31.Nb3 Ke7 32.g4  1/2-1/2